000 01207cab a2200229 4500
001 Z2506
008 090401t1992 xxu||||| |||| 00| 0 eng d
035 _a(Sirsi) u47648
041 _aeng
245 _aTootal Clothing Ltd v Guinea Properties Management Ltd
260 _c1992
350 _a0
490 _aRent Review & Lease Renewal
_v13(1) Autumn 1992, 76-80(5)
520 _aCA 4 June 1992. It was agreed between claimant (T) and defendant (G) that T would carry out shop-fitting works and, on satisfactory completion G would pay T £30,000 towards the cost of the works. G refused to pay claiming that s2 of the Law Reform (Miscellaneous Provisions) Act 1989 rendered the agreement void. The judge accepted this contention and T appealed. It was "held" that section 2 was concerned with executory contracts and did not apply to the supplementary agreement between T & G as this was an agreement separate to, and distinct from, the lease itself.
650 _aLAW REFORM (MISCELLANEOUS PROVISIONS) ACT 1989 S2
650 _aLEASES
650 _aRENT FREE PERIODS
650 _aSHOPFITTING
690 _aLANDLORD AND TENANT-CASE LAW-BUSINESS TENANCIES
942 _n0
948 _c04/03/1997
999 _c30035
_d30035